header

The politics of territory (Record no. 75341)

MARC details
000 -LEADER
fixed length control field 01433nam a2200337 a 4500
082 04 - DEWEY DECIMAL CLASSIFICATION NUMBER
Classification number 333.73/13/09416
100 1# - MAIN ENTRY--AUTHOR NAME
Personal name Murtagh, Brendan.
245 14 - TITLE STATEMENT
Title The politics of territory
260 ## - PUBLICATION, DISTRIBUTION, ETC. (IMPRINT)
Place of publication Houndmills, Basingstoke, Hampshire ;
-- New York :
Name of publisher Palgrave,
Year of publication 2002.
300 ## - PHYSICAL DESCRIPTION
Number of Pages xv, 206 p. :
Other physical details ill.
490 1# - SERIES STATEMENT
Series statement Ethnic and intercommunity conflict series
650 #0 - SUBJECT ADDED ENTRY--TOPICAL TERM
Topical Term Land use
Topical Term Segregation
856 40 - ELECTRONIC LOCATION AND ACCESS
Uniform Resource Identifier http://site.ebrary.com/lib/rucke/Doc?id=10044904

No items available.

© 2026 Rongo University
Contact us: librarian | system librarian | Rongo university